| 000 | 00438 a2200181 4500 | ||
|---|---|---|---|
| 001 | 129971 | ||
| 022 | _a1679-656X | ||
| 040 | _cLeonardo Da Vinci | ||
| 041 | _aInglês | ||
| 082 |
_aFCE 2010 _b2010 |
||
| 245 | _aFor a Change 6 | ||
| 260 |
_bGood Road _cOut./Nov. 1993 _aNew York |
||
| 300 | _a19 | ||
| 362 | _a20100312 | ||
| 490 |
_aFor a Change _v6 |
||
| 697 |
_aHistórias _aAustralia _aConvidados _aReflexão _aGhemat |
||
| 942 | _cCR | ||
| 999 |
_c129971 _d129971 |
||